Toledo es así / (Record no. 128873)

MARC details
000 -LEADER
campo de control de longitud fija 00674nam a2200205 i 4500
001 - NÚMERO DE CONTROL
campo de control 128873
003 - IDENTIFICADOR DE NÚMERO DE CONTROL
campo de control ES-MaACL
005 - FECHA Y HORA DE LA ÚLTIMA TRANSACCIÓN
campo de control 20230906193359.0
007 - CAMPO FIJO DE DESCRIPCIÓN FÍSICA--INFORMACIÓN GENERAL
campo de control de longitud fija t|
008 - DATOS DE LONGITUD FIJA--INFORMACIÓN GENERAL
campo de control de longitud fija 070529s1962 sp ||||1| spa d
080 ## - NÚMERO DE LA CLASIFICACIÓN DECIMAL UNIVERSAL
Número de la Clasificación Decimal Universal 914.642 T.(026)
080 ## - NÚMERO DE LA CLASIFICACIÓN DECIMAL UNIVERSAL
Número de la Clasificación Decimal Universal 7(464.2 T.)(026)
100 1# - ENTRADA PRINCIPAL--NOMBRE DE PERSONA
Nombre de persona Téllez González, Guillermo.
9 (RLIN) 109641
245 10 - MENCIÓN DEL TÍTULO
Título Toledo es así /
Mención de responsabilidad, etc. texto de Guillermo Téllez ; fotografías de Rodríguez, fotoestudio, foto Flores y Díaz del Viso.
260 ## - PUBLICACIÓN, DISTRIBUCIÓN, ETC.
Lugar de publicación, distribución, etc. Toledo :
Nombre del editor, distribuidor, etc. Gómez Menor,
Fecha de publicación, distribución, etc. 1962.
300 ## - DESCRIPCIÓN FÍSICA
Extensión 111 p. :
Otras características físicas il. ;
Dimensiones 20 cm.
700 1# - ENTRADA AGREGADA--NOMBRE PERSONAL
Nombre de persona Rodríguez (fotógrafo)
9 (RLIN) 98527
852 ## - LOCALIZACIÓN
Ubicación ES-MaACL
Número de control de estantería C-22383
Sublocalización o colección R.50653
852 ## - LOCALIZACIÓN
Ubicación ES-MaACL
Número de control de estantería C-22218
Sublocalización o colección R.50569
Holdings
Estatus retirado Estado de pérdida Estado de daño No para préstamo Biblioteca de origen Biblioteca actual Ubicación en estantería Fecha de adquisición Fuente de adquisición Total de préstamos Signatura topográfica completa Código de barras Visto por última vez Precio de reemplazo Tipo de ítem Koha
        Biblioteca del Ateneo de Madrid Biblioteca del Ateneo de Madrid Galería 17/01/2008     C-22218 1134208 23/02/2023 23/02/2023 Libro impreso
        Biblioteca del Ateneo de Madrid Biblioteca del Ateneo de Madrid Galería 17/01/2008     C-22383 1134207 23/02/2023 23/02/2023 Libro impreso